| 000 | 00338nam a2200133Ia 4500 | ||
|---|---|---|---|
| 008 | 220204s9999 xx 000 0 und d | ||
| 082 |
_a651 _bLEF |
||
| 100 | _aLeffingwell, William H | ||
| 245 | 0 | _aTextbook of office management | |
| 250 | _aEd.3 | ||
| 260 |
_aNew Delhi _bMcGraw Hill _c1975 |
||
| 700 | _aRobinson, Edwin M | ||
| 942 | _cBK | ||
| 999 |
_c24788 _d24788 |
||